Tendencias actuales de la enseñanza individualizada

Saved in:
Bibliographic Details
Main Author: Weisgerber, Robert A (Author)
Format: Book
Language:Spanish
Published: Madrid Anaya 1980
Series:Ciencias de la educación
Subjects:
Tags: Add Tag
No Tags, Be the first to tag this record!

MARC

LEADER 00000nam a2200000 a 4500
001 UCY8649
003 CL-VaPUC
008 950703e19800000SP |||||||||||||||||spa|d
082 0 4 |a 371.394  |b WEI  |2 21 
100 0 |a Weisgerber, Robert A  |e author  |9 340235 
245 1 0 |a Tendencias actuales de la enseñanza individualizada 
300 |a 333 p 
942 |c BK 
945 |d 19950703 00:00:00  |a lriquelm 
260 |a Madrid  |b Anaya  |c 1980 
650 7 |a ENSEÑANZA INDIVIDUALIZADA  |2 CL-VaPUC  |9 307241 
650 0 |a Educación científica   |9 307484 
650 0 |a Enseñanza audiovisual  |9 268091 
650 7 |a TUTORIAS  |2 CL-VaPUC  |9 335013 
650 0 |a Sistemas educacionales  |9 324695 
650 0 |a Universidades  |9 256317 
583 |a last modification  |c 20170822 01:13:32  |k Rodrigo Vera 
490 0 |a Ciencias de la educación 
999 |c 235877  |d 235875 
952 |0 0  |1 0  |4 0  |6 371_394000000000000_WEI_1980  |7 0  |8 P  |9 243568  |a BIBEDU  |b BIBEDU  |c BIBEDU_PB  |d 2019-11-18  |i 1527185  |o 371.394 WEI 1980  |p 1527185  |r 2024-01-25  |w 2019-11-18  |y BK  |k EDU 
952 |0 0  |1 0  |4 0  |6 371_394000000000000_WEI_1980  |7 0  |8 P  |9 243569  |a BIBEDU  |b BIBEDU  |c BIBEDU_PB  |d 2019-11-18  |i 3225054  |o 371.394 WEI 1980  |p 3225054  |r 2024-01-25  |w 2019-11-18  |y BK  |k EDU